| 000 | 00373 a2200157 4500 | ||
|---|---|---|---|
| 001 | 49337 | ||
| 020 | _a8586295124 | ||
| 040 | _cAnchieta - Bela Vista | ||
| 100 | _aGuedes, Hardy | ||
| 240 | 1 | 0 |
_aA mãe-d'água, o violeiro e o diabo _lpor |
| 245 | 1 | 0 | _aA mãe-d'água, o violeiro e o diabo |
| 300 | _a24 | ||
| 362 | 0 | _a1998 | |
| 650 | 4 | _aLiteratura juvenil | |
| 942 | _cBK | ||
| 999 |
_c49337 _d49337 |
||